| 000 | 01600nam a2200433Ka 4500 | ||
|---|---|---|---|
| 001 | 70831529 | ||
| 003 | PE-LiUPU | ||
| 005 | 20250731173556.0 | ||
| 008 | 060804s2006 cau 000 0 eng d | ||
| 020 | _a9781580192101 | ||
| 040 |
_aPE-LiUPU _cPE-LiUPU _bspa _erda |
||
| 049 | _aEXNW | ||
| 082 |
_223 _a232.09505 _bB328t |
||
| 090 |
_aBS2485 _b.B37 2006 |
||
| 092 |
_a232.95 _bB328t |
||
| 100 | 1 |
_aBatchelor, Doug, _d1957- |
|
| 245 | 1 | 4 |
_aThe truth about Mary Magdalene : _bthe woman at Jesus' feet / _cDoug Batchelor. |
| 246 | 3 | 0 | _aMary Magdalene, the woman at Jesus' feet. |
| 246 | 3 | 0 | _aMary Magdalene, the truth about the woman at Jesus' feet. |
| 264 |
_aRoseville, CA : _bAmazing Facts, _cc2006. |
||
| 300 |
_a125 páginas ; _c22 centímetros. |
||
| 505 | _aAt Jesus' Feet in shame: adultery in the temple -- At Jesus' Feet in sorrow: praying for the dead -- At Jesus' Feet in study: Martha's distractions -- At Jesus' Feet in sacrifice: Simon's feast -- At Jesus' Feet insurrender: at the cross -- At Jesus' Feet in service: at the tomb -- At Jesus' Feet in song: The resurrection. | ||
| 526 | _aSEG42 | ||
| 526 | _aSEG41 | ||
| 526 | _aSEG40 | ||
| 526 | _aSEG39 | ||
| 526 | _aP94 | ||
| 526 | _aP87 | ||
| 526 | _aP86 | ||
| 526 | _aP85 | ||
| 526 | _aP77 | ||
| 526 | _aP76 | ||
| 526 | _aP35 | ||
| 600 | 0 |
_aMaría Magdalena (Personaje bíblico) _9932 |
|
| 600 | 0 |
_aJesucristo _xEnseñanzas _9933 |
|
| 650 | 0 |
_aCristianismo _9934 |
|
| 942 |
_2ddc _cBK _n0 |
||
| 999 |
_c61703 _d61703 |
||
| 980 |
_618226 _aJaime Vilcazán Jefe de Análisis Documental _81 _gALBERTO SANCHEZ Responsable de Automatización |
||